Humenné súperí s Pentou o nemocnicu

Bibliographic Details
Main Author: Dohovič, Svjatoslav (Author)
Format: Article
Language:Slovak
ISSN:1335-4051
Subjects:

MARC

LEADER 00000nab a2200000 a 4500
001 vtls008161786
003 SK-MaSNL
005 20260303080157.0
008 050621c20050620xo ur| 0 0slo
015 |a SNBRB2005/06 
040 |a RVGKPD  |b slo  |c RVGKPD  |e AACR2 
041 0 |a slo 
044 |a xo  |c SK 
080 |a 369.223.22  |2 UDC-MRF-SK2 
100 1 |a Dohovič, Svjatoslav  |4 aut  |9 331929 
245 1 0 |a Humenné súperí s Pentou o nemocnicu  |c Svjatoslav Dohovič 
650 0 7 |a nemocnice  |2 rvgkpd  |9 3008 
650 0 7 |a transformácia  |2 rvgkpd  |9 17892 
651 7 |a Prešovský samosprávny kraj (Slovensko)  |2 rvgkpd  |9 23301 
773 0 |t Pravda  |g Roč. XV, č. 142 (20.6.2005), s. 4  |x 1335-4051 
852 |a RVGKPD  |b KIS3GCP 
992 |a RBX 
999 |c 1779358  |d 1781288